000
00340nam a2200145Ia 4500
008
150301s2012 xx 000 0 und d
082
_a
611
_b
B12C
100
_a
CHUNG, KYUNG WON
245
_a
BRS GROSS ANATOMY
250
_a
7TH
260
_b
WOLTERS KLUWER
_a
INDIA
_c
2012
300
_a
490
650
_a
HUMAN ANATOMY
942
_2
ddc
_c
BK
_0
5
999
_c
6710
_d
6710